[Event "GER-ch U10"]
[Site "Oberhof"]
[Date "2012.06.02"]
[Round "11"]
[White "Hartmann, Jasmin"]
[Black "Leib, Amina"]
[Result "0-1"]
[WhiteElo "832"]
[BlackElo "754"]
[PlyCount "42"]
[EventDate "2012.05.27"]
[EventType "swiss"]
[EventRounds "11"]
[EventCountry "GER"]
[SourceTitle "CBM 148 Extra"]
[Source "ChessBase"]
[SourceDate "2012.06.22"]
[SourceVersion "1"]
[SourceVersionDate "2012.06.22"]
[SourceQuality "1"]

1. e3 d5 2. b3 Nf6 3. Bb2 Nbd7 4. Nc3 e5 5. Bb5 a6 6. Bxd7+ Bxd7 7. Nce2 Bd6 8. Nf3 Qe7 9. 0-0 0-0 10. d4 exd4 11. Bxd4 Ne4 12. Bb2 Qe6 13. Qd4 Qg6 14. Nh4 Qg4 15. Nf3 Qg6 16. Nf4 Bxf4 17. exf4 Bh3 18. Ne1 c6 19. Kh1 Bf5 20. Rg1 Qh6 21. f3 Ng3# 0-1

[Event "GER-ch U10"]
[Site "Oberhof"]
[Date "2012.05.31"]
[Round "8"]
[White "Hartmann, Jasmin"]
[Black "Haag, Lea"]
[Result "0-1"]
[WhiteElo "832"]
[BlackElo "1011"]
[PlyCount "95"]
[EventDate "2012.05.27"]
[EventType "swiss"]
[EventRounds "11"]
[EventCountry "GER"]
[SourceTitle "CBM 148 Extra"]
[Source "ChessBase"]
[SourceDate "2012.06.22"]
[SourceVersion "1"]
[SourceVersionDate "2012.06.22"]
[SourceQuality "1"]

1. e4 e5 2. Nf3 Nc6 3. Nc3 Nf6 4. d4 exd4 5. Nxd4 Bb4 6. Bd2 Nxd4 7. Bg5 Qe7 8. f3 d5 9. Bxf6 Qxf6 10. Bd3 Nxf3+ 11. Qxf3 Bxc3+ 12. bxc3 Qxc3+ 13. Kf2 Qd4+ 14. Qe3 Qxe3+ 15. Kxe3 dxe4 16. Bxe4 0-0 17. Kf2 Re8 18. Bf3 c6 19. Rhe1 Rxe1 20. Rxe1 Be6 21. a3 Rd8 22. Kg1 Rd2 23. Re2 Rxe2 24. Bxe2 Kf8 25. Kf2 Ke7 26. Ke3 Kd6 27. c3 Kc5 28. g3 Bc4 29. Bd1 a5 30. Kd2 b5 31. Kc1 b4 32. Kb2 g5 33. g4 f6 34. Bc2 h6 35. Ba4 Be2 36. cxb4+ axb4 37. axb4+ Kxb4 38. Bxc6 Bxg4 39. Kc1 Kc3 40. Bg2 Kd3 41. h3 Be2 42. Bh1 f5 43. Bg2 f4 44. Bh1 f3 45. Kb1 f2 46. Bg2 f1Q+ 47. Bxf1 Bxf1 48. h4 0-1

[Event "GER-ch U10"]
[Site "Oberhof"]
[Date "2012.05.27"]
[Round "2"]
[White "Gazizov, Max"]
[Black "Hartmann, Jasmin"]
[Result "1-0"]
[WhiteElo "1009"]
[BlackElo "832"]
[PlyCount "87"]
[EventDate "2012.05.27"]
[EventType "swiss"]
[EventRounds "11"]
[EventCountry "GER"]
[SourceTitle "CBM 148 Extra"]
[Source "ChessBase"]
[SourceDate "2012.06.22"]
[SourceVersion "1"]
[SourceVersionDate "2012.06.22"]
[SourceQuality "1"]

1. e4 d5 2. exd5 Qxd5 3. Nc3 Qd8 4. d4 Bf5 5. Bd3 Bxd3 6. Qxd3 e6 7. Nf3 h6 8. Bf4 Bd6 9. Bxd6 Qxd6 10. 0-0 Nc6 11. Rad1 0-0-0 12. Ne5 Nxe5 13. dxe5 Qxd3 14. Rxd3 Rxd3 15. cxd3 f6 16. Re1 fxe5 17. Rxe5 Nf6 18. Rxe6 Kd7 19. Re1 Re8 20. Rxe8 Kxe8 21. f3 Kd7 22. Kf2 Kc6 23. d4 g6 24. g4 g5 25. Kg3 Nd5 26. h4 Nxc3 27. bxc3 Kd5 28. f4 Ke6 29. hxg5 hxg5 30. fxg5 Kf7 31. Kf4 Kg6 32. Ke5 Kf7 33. g6+ Kxg6 34. Ke6 c6 35. c4 Kg5 36. d5 Kg6 37. d6 Kg7 38. d7 b5 39. cxb5 cxb5 40. d8Q a6 41. Qf6+ Kg8 42. Qe7 a5 43. Kf6 Kh8 44. Qg7# 1-0